000 00831nam a22002657a 4500
001 BR9804425
003 BR-BrBNA
005 20230928100054.0
007 ta
008 230509b bl.||||| |||| 00| 0 por d
040 _aBR-BrBNA
_bpor
_cBiblioteca Nacional de Agricultura
041 _a(Por)
072 _aE14
090 _ E14 BR9804425
110 1 _aMinisterio da Agricultura e do Abastecimento, Brasilia, DF (Brasil)
_96726
110 1 _aIICA, Brasilia, DF (Brasil)
_95552
245 1 _aModelo institucional do novo Ministerio da Agricultura; Projeto de Reorientacao Institucional - fase 2
260 3 _aBrasilia, DF (Brasil):
_c1996.
300 _a17 p.
650 _aInstituicao Agricola
650 _aModernizacao
650 _aProjeto de Desenvolvimento
909 _a202309
_bLucia
_c55
_dLucia Elande
942 _cBK
999 _c60189
_d60189